000
00292nam a2200133Ia 4500
003
OSt
005
20240311101141.0
008
170524s9999 xx 000 0 und d
020
_a
978-9353439392
040
_c
IIMT
100
_a
KAPOOR- JACK R.
245
0
_a
PERSONAL FINANCE
942
_2
ddc
_c
02
999
_c
9733
_d
9733